00309nam a2200121Ia 4500008004100000100001700041245005000058260003700108300000900145650001100154942000700165999001500172190216s9999||||xx |||||||||||||| ||und|| aMaheshwari.P 0aIntroduction To The Embryology Of Angiosperms bTata Mcgrawhill Publishersc1950 a453p aBotany cBK c1254d1254